000 00363nam a22001457a 4500
003 MACL
005 20190123161609.0
008 190123b xxu||||| |||| 00| 0 eng d
040 _c MACL
100 _aDeambi, Suneel
_973695
245 _aFrom Sunlight Tol Electricity
260 _aNew Delhi
_bTeri
_c2015
650 _aSolar System
_972259
942 _2ddc
_cBK
999 _c58920
_d58920